000
00230 a2200121 4500
020
_a
9781665952507
041
_a
eng
100
_a
Eliot, Hannah
245
_a
Hello, Crayons!
942
_c
BK
999
_c
29937
_d
29935
999
_d
29935
999
_d
29935